000 01259nam a2200361 a 4500
001 vtls000216314
003 NLI
005 20210602121443.0
008 101126s1992 ii a 001 0 eng
020 _cRs. 225.00
039 9 _y201011260114
_zVLOAD
040 0 _aNLI
_beng
_cDatasoft 1
_eAACR2
041 0 _aeng
044 _aii
082 0 4 _a346.01340263
100 1 _aPathak, J. K.
_q(Jagdish Kishore)
_9404925
245 1 0 _aLaw of Stridhana /
_cby J. K. Pathak and B. K. Sharma
260 _aAllahabad :
_bLaw Book,
_c1992
300 _axxiii, 256 p. :
_bill. ;
_c25 cm.
500 _aSpine title: Pathak's law of Stridhana
500 _aIncludes index
650 0 _aHindu women
_xLegal status, laws, etc.
_zIndia
_9317340
650 0 _aSeparate property
_zIndia
_9404926
650 0 _aWomen (Hindu law)
_9352520
650 0 _aSeparate property (Hindu law)
_9404927
700 1 _aSharma, B. K.
_q(Basant Kumar),
_d1946-,
_4jt. aut
_9403077
887 _a
901 _aDB62613
_b13.11.1992
902 _aE 346.01340263 P 273
949 _AVIRTUAITEM
_D10000
_X100
_6DBA000062613ENG
942 _2ddc
_cBKS
999 _aVIRTUA40
_c222012
_d222012
999 _aVTLSSORT0080*0200*0400*0410*0440*0820*1000*2450*2600*3000*5000*5001*6500*6501*6502*6503*7000*9010*9020*9490*9991